Stanovenie rizikového profilu priemerného investora vo vybraných krajinách

Údaje a informácie z internetovej stránky európskej federácie správcovských spoločností EFAM. Zameranie sa na určenie rizikového profilu priemerných investorov jednotlivých európskych krajín na základe ich preferencií pri voľbe kategórií podielových fondov.

Gespeichert in:
Bibliographische Detailangaben
1. Verfasser: Molovčák, Róbert
Weitere Verfasser: Škriniar, Pavel, 1979-
Format: Buchkapitel
Sprache:Slowakisch
Schlagworte:
Tags: Tag hinzufügen
Keine Tags, Fügen Sie das erste Tag hinzu!

MARC

LEADER 00000nla a2200000 4500
001 0188824
005 20240603073146.3
041 0 |a slo 
044 |a SK 
245 1 0 |a Stanovenie rizikového profilu priemerného investora vo vybraných krajinách  |c Róbert Molovčák, Pavel Škriniar 
520 |a Údaje a informácie z internetovej stránky európskej federácie správcovských spoločností EFAM. Zameranie sa na určenie rizikového profilu priemerných investorov jednotlivých európskych krajín na základe ich preferencií pri voľbe kategórií podielových fondov. 
610 2 0 |a investori 
610 2 0 |a stratégia investičná 
610 2 0 |a riziko trhové 
610 2 0 |a spoločnosti správcovské 
610 2 0 |a fondy podielové 
610 2 0 |a informácie 
610 2 0 |a internet 
100 1 |a Molovčák, Róbert 
700 1 |a Škriniar, Pavel, 1979-